=LDR 00000nam 2200000 4500 =001 INLIS000000000005954 =005 20251030103302 =035 ##$$a 0010-1025001009 =007 ta =008 251030###########################0#eng## =082 ##$$a 025.524 =084 ##$$a 025.524 BAD r =100 #$$a Badan Koordinasi Keluarga Berencana Nasional =245 1#$$a RECOMMENDATIONS OF THE WORKSHOP INFORMATION NEEDS ASSESSMENT /$c Badan Koordinasi Keluarga Berencana Nasional =260 ##$:$b Badan Koordinasi Keluarga Berencana Nasional =300 ##$$a 4 Hal : $b ilus ; $c 21 =650 #4$$a Keluarga Berencana =856 ##$$a Perpustakaan Kemendukbangga